LEADER 01401nam a2200277 a 4500 001 000000112767 003 CaOOAMICUS 005 20080718161245.0 008 080718s2006 sp 000 0 spa d 020 $a84-7299-726-X 040 $aPUG$bita$dip$dPUL$dLDB 245 00$aConcilio Vaticano II, acontecimiento y recepción :$bestudios sobre el Vaticano II a los cuarenta años de su clausura /$cGonzalo Tejerina Arias (coord.) 260 $aSalamanca :$bUniversidad Pontificia de Salamanca,$c2006. 300 $a146 p. ;$c21 cm. 490 1 $aEnsayos de teología ;$v001 504 $aContiene riferimenti bibliografici 611 24$aConcilium Vaticanum$n(2 :$d1962-1965).$0(OLS)http://pul/subject/71 700 1 $aTejerina Arias, Gonzalo,$cO.S.A.$0(OLS)http://pul/name/69462 830 0$aEnsayos de teología ;$v001.$0(OLS)http://pul/title/141737 850 $aPUL 852 $aPUL$W1$xSL Religione 3$y85$m262 CV2 2$j129050$qDDC 21$B128017$CPULBib$Z2$F128017 $H112767 $82 941 1 $a9 960 $aConcilio Vaticano II (1962-1965)$971 996 $6020$a84-7299-726-X$9(OLS)http://pul/number/138507 996 $6245$aConcilio Vaticano II, acontecimiento y recepción :$bestudios sobre el Vaticano II a los cuarenta años de su clausura$9(OLS)http://pul/title/141736 996 $6260$aSalamanca :$bUniversidad Pontificia de Salamanca$9(OLS)http://pul/publisher/49541 LEADER 01632nam a2200337 a 4500 001 000000155519 003 CaOOAMICUS 005 20161026132425.0 008 161026s2016 it u000 u ita r 020 $a978-88-08-26558-6* 032 $aLibriCat 040 $aPUL$bita 082 04$a347.45 100 1 $aTedoldi, Alberto.$0(OLS)http://pul/name/72191 245 10$aDel procedimento sommario di cognizione :$bart. 702 bis-702 quater /$cAlberto Tedoldi. 260 $aBologna :$bZanichelli,$c©2016. 300 $aXXXIII, 846 p. ;$c24 cm. 490 1 $aCommentario del Codice di Procedura civile.$aLibro quarto.$aProcedimenti speciali ;$vart. 702 bis-702 quater 500 $aLa collana è curata da Sergio Chiarloni. 504 $aContiene riferimenti bibliografici e indice. 650 4$aDiritto processuale civile$zItalia.$0(OLS)http://pul/subject/38504 700 1 $aChiarloni, Sergio.$0(OLS)http://pul/name/12062 830 0$aCommentario del codice di procedura civile.$nLibro quarto.$pDei procedimenti speciali ;$vart. 702 bis-702 quater.$0(OLS)http://pul/title/192680 850 $aPUL 852 $aPUL$W1$xSL Diritto e Scienze Sociali 3$y79$m347. 4505 CHISE 1.702$j178672$qDDC 21$B181838$CPULBib$Z2$F181838 $H128327 $81 941 1 $a9 996 $6020$a978-88-08-26558-6*$9(OLS)http://pul/number/161424 996 $6082$a347.45$9(OLS)http://pul/classification/384 996 $6245$aDel procedimento sommario di cognizione :$bart. 702 bis-702 quater$9(OLS)http://pul/title/195183 996 $6260$aBologna :$bZanichelli$9(OLS)http://pul/publisher/48255